Оливър Туис (Запис номер 529776)
[ съкратено ]
| 000 -Лидер | |
|---|---|
| Лидер | 01526nim a2200277 a 4500 |
| 003 - Код на организацията, давaща контролен номер | |
| Код на организацията, даваща контролен номер | BLK |
| 005 - Дата и час на последна редакция | |
| Дата и час на последна редакция | 20250324084906.0 |
| 007 - Фиксирано поле за физическо описани | |
| Физическо описание | sd ammalaaahaa |
| 008 - Елементи от данни с фиксирана дължина | |
| Елементи с фиксирана дължина | 250313b bu |||||s|||| 00| | bu d |
| 028 ## - PUBLISHER NUMBER | |
| Издателски номер | ВАА 10434 |
| 040 ## - Източник на каталожния запис | |
| Код на библиотеката | BLK |
| 041 ## - Код за език | |
| Език на записа | Български |
| Език за КДБФ | Български |
| 080 ## - УДК | |
| УДК текст | Английска литература |
| УДК код | 821.111 |
| УДК – определител | -93-31(086.72) |
| УДК – код + определител | 821.111-93-31(086.72) |
| 100 1# - Редна дума - Автор | |
| R(LIN) | 61428 |
| Автор | Дикенс, Чарлз |
| 245 ## - Сведения за заглавието | |
| Заглавие | Оливър Туис |
| Подзаглавни данни | драматизация |
| Авторска отговорност | Чарлз Дикенз, Драматиз. и режисура Мария Каменова, Изп. Мирослава Стоянова, Николай Бинев и др. |
| 260 ## - Област на издателските данни | |
| 9 (RLIN) | 210374 |
| Място на издаване | София |
| Име на издателя | Балкантон |
| Година на издаване | 1980 |
| 300 ## - Физическа характеристика | |
| Брой страници | 1 грамофонна плоча 33 об/мин |
| Илюстрации | стерео |
| Размер | 30 см |
| 380 ## - Жанр | |
| Жанр | Детска худож. лит. |
| 500 ## - Общи забележки | |
| Обща забележка | Страна А — 22.15<br/>Страна Б — 23.20 |
| 511 ## - Забележка за участници или изпълнители | |
| Забележка за участници | Изп. артистите: Мирослава Стоянова, Николай Бинев, Ицхак Финци, Анани Янашев, Мария Русалиева, Меглена Караламбова, Асен Ангелов, Ст. Димитров, Ив. Тонев, Сотир Майноловски, Л. Апостолова<br/>Драматизация и режисура: Мария Каменова |
| 518 ## - Забележка за време/място на протичане на отразеното събитие | |
| Забележка за време и място на протичане на отразеното събитие | Дата на запис: 1979 |
| 852 ## - Местоположение | |
| Сигнатура (форматна) | Ф ІІ 4317 |
| Отдел | Хранилище |
| 856 ## - Електронен адрес и достъп | |
| Инструкция (цена за достъп) | 0.00 |
| Права за достъп | disable |
| 942 ## - АРТИКУЛИ | |
| Вид на библиотечния документ | Грамофонни плочи |
| Скрит в OPAC | Не |
| 944 ## - СЪЗДАВАНЕ И РЕДАКЦИЯ на ЗАПИСА | |
| Дата на регистрацията/редакция | Русанова Ирена |
| Служител, извършил регистрацията/редакцията | 30542 |
| Статус, дата на статуса | Русанова Ирена |
| Създаване/Редакция | |
| 999 ## - СИСТЕМНИ КОНТРОЛНИ НОМЕРА | |
| Koha biblionumber | 529776 |
| Koha biblioitemnumber | 529776 |
| Код за отписване | Код за изгубен артикул | Източник на класификационната схема | Код за повреда | Коз за рестрикции | Код за отдаване | Артикулен № | Име на библиотеката - собственик | Име на библиотеката, в която се намира в момента | Статус (Текущо местоположение) | Дата на вписване в системата | Местоположение - отдел | Цена в лева | Инвентарен номер | Систематично азбучна сигнатура | Баркод | Цена в евро | Служебен тип на артикула |
|---|---|---|---|---|---|---|---|---|---|---|---|---|---|---|---|---|---|
| Не е изгубен | Universal Decimal Classification | Повреден | само за читалня | ползва се в читалня | 964674 | Регионална библиотека "Любен Каравелов" Русе | Регионална библиотека "Любен Каравелов" Русе | Хранилище | 2025-03-24 | Хранилище | 2.30 | 10282 | Ф II 4317 | 900000116440 | 1.18 | Грамофонни плочи |